000 00204 a2200097 4500
001 30730
100 _aWorvill
245 _aExploring space
260 _aEngland
_bLadybird Bks
_c
090 _c20662
_d20662
942 _aNUST-CAE
_cM
_c11850
999 _c265803
_d265803